[Event "Sao Jose de Rio Preto 160 Anos"]
[Site "Sao Jose do Rio Preto"]
[Date "2012.03.24"]
[Round "3"]
[White "Muraro Ferreira, Paulo"]
[Black "Utiyama, Marcel Heimar Ribei"]
[Result "0-1"]
[WhiteElo "1827"]
[BlackElo "2120"]
[PlyCount "130"]
[EventDate "2012.03.23"]
[EventType "swiss"]
[EventRounds "6"]
[EventCountry "BRA"]
[SourceTitle "CBM 147 Extra"]
[Source "ChessBase"]
[SourceDate "2012.04.24"]
[SourceVersion "1"]
[SourceVersionDate "2012.04.24"]
[SourceQuality "1"]

1. e4 c5 2. Nf3 Nc6 3. d4 Nxd4 4. Nxd4 g6 5. c4 Bg7 6. Be3 Nf6 7. Nc3 0-0 8. Be2 cxd4 9. Bxd4 d6 10. 0-0 Bd7 11. Qd2 Bc6 12. f3 a5 13. b3 Nd7 14. Bxg7 Kxg7 15. Qd4+ Kg8 16. a3 Nc5 17. Rab1 Re8 18. Kh1 Qb6 19. Rfd1 Rec8 20. Nd5 Bxd5 21. exd5 Nd7 22. Qh4 Nf6 23. Re1 Re8 24. Bd3 Qc5 25. Ra1 Kg7 26. Ra2 b6 27. Qg5 e5 28. Qd2 Qd4 29. Qe3 Qxe3 30. Rxe3 Nd7 31. g4 h6 32. Kg2 Rf8 33. Ree2 f5 34. h3 Nc5 35. Bc2 fxg4 36. fxg4 Rf4 37. Rb2 Nd7 38. Bd3 Rd4 39. Bc2 Rc8 40. Rf2 e4 41. Re2 Re8 42. b4 axb4 43. Rxb4 Re7 44. Kg3 g5 45. a4 Kf6 46. Rf2+ Kg7 47. Re2 e3 48. Rb3 Rxc4 49. Rexe3 Rxe3+ 50. Rxe3 Ne5 51. Bb3 Rd4 52. Rc3 Rd3+ 53. Rxd3 Nxd3 54. Bc4 Nc5 55. Bb5 Kf6 56. Kf3 Ke5 57. Bc6 Ne4 58. Ke3 Nf6 59. Kd3 Nxd5 60. Kc4 Nc7 61. Bd7 d5+ 62. Kd3 Ne6 63. Bxe6 Kxe6 64. Ke3 Ke5 65. Kd3 d4 0-1

[Event "Sao Jose de Rio Preto 160 Anos"]
[Site "Sao Jose do Rio Preto"]
[Date "2012.03.23"]
[Round "1"]
[White "Blit, Jacques"]
[Black "Muraro Ferreira, Paulo"]
[Result "1-0"]
[WhiteElo "2282"]
[BlackElo "1827"]
[PlyCount "109"]
[EventDate "2012.03.23"]
[EventType "swiss"]
[EventRounds "6"]
[EventCountry "BRA"]
[SourceTitle "CBM 147 Extra"]
[Source "ChessBase"]
[SourceDate "2012.04.24"]
[SourceVersion "1"]
[SourceVersionDate "2012.04.24"]
[SourceQuality "1"]

1. e4 c6 2. d4 d5 3. Nd2 dxe4 4. Nxe4 Bf5 5. Ng3 Bg6 6. Nf3 Nd7 7. h4 h6 8. Bd3 Bxd3 9. Qxd3 e6 10. Bf4 Qa5+ 11. Bd2 Qc7 12. 0-0-0 0-0-0 13. Rhe1 Ngf6 14. Ne4 Nxe4 15. Qxe4 Nf6 16. Qe2 Bd6 17. Kb1 Kb8 18. c4 c5 19. Bc3 Ka8 20. d5 Rhe8 21. Qc2 exd5 22. Bxf6 gxf6 23. Rxe8 Rxe8 24. Rxd5 a6 25. Qd2 Bf4 26. Qd3 Qa5 27. Rd7 Re6 28. Rxf7 Rd6 29. Qc2 Qd8 30. a3 Rd7 31. Rxd7 Qxd7 32. Qe4 Qd1+ 33. Ka2 Qc1 34. g3 Bb8 35. Qd5 Qh1 36. Nd2 Qxd5 37. cxd5 Be5 38. f4 Bd4 39. g4 Be3 40. Ne4 Bxf4 41. Nxf6 b6 42. Ne4 Kb7 43. g5 hxg5 44. hxg5 Kc7 45. g6 Be5 46. Ng3 Kd6 47. Nf5+ Kxd5 48. g7 Bxg7 49. Nxg7 Kc4 50. Ne6 a5 51. Nc7 a4 52. Kb1 Kb3 53. Nb5 Kc4 54. Nc3 b5 55. Kc2 1-0